[Event "40th Pan-American U20"]
[Site "El Salvador ESA"]
[Date "2015.07.16"]
[Round "1.1"]
[White "Hernandez, Mauricio Daniel"]
[Black "Escalante Ramirez, Brian Sebas"]
[Result "0-1"]
[WhiteElo "1926"]
[BlackElo "2389"]
[EventDate "2015.07.16"]
[PlyCount "56"]

1.e4 e6 2.d4 d5 3.exd5 exd5 4.Qf3 Bd6 5.Bd3 Ne7 6.Ne2 Nbc6 7.c3 Be6 8.Bf4 
Ng6 9.Bxd6 Qxd6 10.Na3 a6 11.Nc2 Nce7 12.Ne3 O-O-O 13.b4 Kb8 14.a4 f5 15.
g3 f4 16.gxf4 Rhf8 17.Qg3 Nf5 18.Bxf5 Bxf5 19.Nxf5 Rxf5 20.Qd3 Rdf8 21.
O-O-O Nxf4 22.Nxf4 Rxf4 23.Rd2 Rxf2 24.Qg3 Qh6 25.Rd1 R8f3 26.Qg4 Rxc3+ 
27.Kb2 Rxd2+ 28.Kxc3 Qe3# 0-1

[Event "40th Pan-American U20"]
[Site "El Salvador ESA"]
[Date "2015.07.16"]
[Round "1.2"]
[White "Hernandez Sanchez, Jairo Andre"]
[Black "Santiago Vilca, Christian"]
[Result "1/2-1/2"]
[WhiteElo "2381"]
[BlackElo "1922"]
[EventDate "2015.07.16"]
[PlyCount "75"]

1.e4 c5 2.Nf3 e6 3.d3 Nc6 4.g3 g6 5.Bg2 Bg7 6.h4 h6 7.c3 e5 8.O-O Nge7 9.
Be3 d6 10.Qc1 b6 11.a3 Ba6 12.Rd1 Rc8 13.b4 d5 14.Bh3 d4 15.Bxc8 Qxc8 16.
c4 dxe3 17.b5 exf2+ 18.Kxf2 Na5 19.bxa6 Nb3 20.Qb2 Nxa1 21.Nc3 O-O 22.Rxa1
f5 23.Kg2 Qxa6 24.Qe2 f4 25.g4 Qc8 26.Kh3 h5 27.Rg1 Kh8 28.Qg2 Nc6 29.Kh2 
hxg4 30.Qxg4 Nd4 31.Qg2 Qd8 32.Kh3 Nxf3 33.Qxf3 Qd4 34.Ne2 Qd7+ 35.Kh2 Qd8
36.Rxg6 Qxh4+ 37.Kg2 Rf6 38.Rxf6 1/2-1/2

[Event "40th Pan-American U20"]
[Site "El Salvador ESA"]
[Date "2015.07.16"]
[Round "1.3"]
[White "Ortiz Perez, Carlos"]
[Black "Cori Quispe, Kevin"]
[Result "0-1"]
[WhiteElo "1901"]
[BlackElo "2369"]
[EventDate "2015.07.16"]
[PlyCount "46"]

1.e4 c5 2.Nf3 e6 3.d4 cxd4 4.Nxd4 Nc6 5.Be3 Nf6 6.Nc3 Bb4 7.Bd3 d5 8.Nxc6 
bxc6 9.Bd2 O-O 10.e5 Nd7 11.Qh5 g6 12.Qg4 c5 13.f4 c4 14.Be2 Qb6 15.h4 d4 
16.Ne4 Bb7 17.Bxb4 Qxb4+ 18.Nd2 d3 19.h5 Qxb2 20.Kf2 Qd4+ 21.Kg3 dxe2 22.
hxg6 fxg6 23.Qxe6+ Rf7 0-1

[Event "40th Pan-American U20"]
[Site "El Salvador ESA"]
[Date "2015.07.16"]
[Round "1.4"]
[White "Tang, Andrew"]
[Black "Colorado, Efrain"]
[Result "1-0"]
[WhiteElo "2365"]
[BlackElo "1841"]
[EventDate "2015.07.16"]
[PlyCount "125"]

1.d4 Nf6 2.c4 e6 3.Nc3 d5 4.cxd5 exd5 5.Bg5 Be7 6.e3 c6 7.Bd3 Ne4 8.Bxe7 
Qxe7 9.Qc2 Bf5 10.f3 Qh4+ 11.Ke2 Ng3+ 12.hxg3 Bxd3+ 13.Kxd3 Qxh1 14.Nxd5 
O-O 15.Nc7 Na6 16.Nxa6 bxa6 17.Rc1 Qh2 18.Ne2 Rac8 19.Rg1 Qh5 20.Qc5 Qg6+ 
21.Kd2 Rb8 22.b3 Rb5 23.Qe7 Rfb8 24.Rc1 a5 25.Qd7 c5 26.Qxa7 cxd4 27.Nxd4 
Rd8 28.Qc7 Rbd5 29.Ke2 h6 30.Kf2 Qd3 31.Qc3 Qg6 32.Qc2 Qd6 33.Rd1 Qd7 34.
Rc1 Qe8 35.Qc6 Qe5 36.Qc7 Qe8 37.Rc2 R8d7 38.Qc3 Kh7 39.a3 Rd8 40.b4 axb4 
41.axb4 g6 42.b5 Rb8 43.Rb2 Rc8 44.Qb3 Rdc5 45.Nc6 R5xc6 46.bxc6 Rxc6 47.
g4 Qe6 48.Qd3 Rd6 49.Qc3 Rc6 50.Qb4 Rd6 51.Qa5 Ra6 52.Qd8 Rd6 53.Qf8 Rd3 
54.Qc5 Rd5 55.Qc3 Qe5 56.Qxe5 Rxe5 57.f4 Rc5 58.Rb3 Rc7 59.e4 Rc5 60.e5 
Rc7 61.Rb6 Re7 62.Ra6 Re8 63.Ra7 1-0

[Event "40th Pan-American U20"]
[Site "El Salvador ESA"]
[Date "2015.07.16"]
[Round "1.5"]
[White "De Leon, Gabriel"]
[Black "Chavez Estevez, Hayler David"]
[Result "0-1"]
[WhiteElo "1804"]
[BlackElo "2347"]
[EventDate "2015.07.16"]
[PlyCount "100"]

1.e4 e5 2.Nf3 Nc6 3.d4 exd4 4.Nxd4 Nf6 5.Nxc6 bxc6 6.e5 Qe7 7.Qe2 Nd5 8.c4
Ba6 9.b3 g5 10.Bb2 Nf4 11.Qe3 Bg7 12.g3 Ng6 13.Bg2 Bxe5 14.Bxe5 Qxe5 15.
Qxe5+ Nxe5 16.O-O O-O-O 17.Nc3 g4 18.Ne4 d6 19.f4 gxf3 20.Bh3+ Kb8 21.Ng5 
f6 22.Nxf3 d5 23.Nxe5 fxe5 24.Rfe1 e4 25.Rad1 Rhe8 26.c5 h5 27.Rd4 Rf8 28.
Re3 Bc8 29.Bg2 Rf5 30.a3 Rdf8 31.Rd2 R5f6 32.Rc3 Bg4 33.Re3 Bf3 34.Bf1 h4 
35.Be2 Bxe2 36.Rdxe2 h3 37.Re1 Rf2 38.R3e2 Rxe2 39.Rxe2 Rf3 40.g4 Rf4 41.
Re3 Rxg4+ 42.Kf1 Rf4+ 43.Ke2 d4 44.Rxh3 e3 45.Rh8+ Kb7 46.Re8 Rf2+ 47.Kd3 
Rd2+ 48.Kc4 e2 49.h4 d3 50.h5 Rd1 0-1

[Event "40th Pan-American U20"]
[Site "El Salvador ESA"]
[Date "2015.07.16"]
[Round "1.6"]
[White "Benedetti, Julio"]
[Black "Melara, Moises"]
[Result "1-0"]
[WhiteElo "2313"]
[BlackElo "1772"]
[EventDate "2015.07.16"]
[PlyCount "129"]

1.e4 e6 2.d4 d5 3.e5 c5 4.dxc5 Bxc5 5.Qg4 Ne7 6.Qxg7 Rg8 7.Qxh7 Qb6 8.Nh3 
Nbc6 9.f4 Bd7 10.Nd2 O-O-O 11.Qd3 Kb8 12.Nb3 Nb4 13.Qe2 d4 14.a3 d3 15.
cxd3 Nxd3+ 16.Qxd3 Ba4 17.Nxc5 Rxd3 18.Nxd3 Qd4 19.Bd2 Nf5 20.Nhf2 Ne3 21.
Ke2 Bb5 22.Bxe3 Qxb2+ 23.Bd2 Qxa1 24.h4 Qxa3 25.Rh3 a5 26.h5 b6 27.h6 Rh8 
28.h7 Qa4 29.Ke3 Qc4 30.Ne4 Qd5 31.Nf6 Qb7 32.Rg3 Ka7 33.Rg8 Rxh7 34.Nxh7 
a4 35.Be2 a3 36.Bf3 Bc6 37.Nb4 Bxf3 38.gxf3 Qc7 39.Rd8 a2 40.Nxa2 Qxd8 41.
Ng5 Qd5 42.Nc3 Qc5+ 43.Kd3 Qe7 44.Nb5+ Ka6 45.Nd6 f6 46.Nge4 f5 47.Nc3 Qd7
48.Nb5 Qc6 49.Nd4 Qd5 50.Ne8 Kb7 51.Ng7 Qc5 52.Ngxe6 Qa3+ 53.Bc3 Qa6+ 54.
Kd2 Qa2+ 55.Ke3 Qa3 56.Nb5 Qb3 57.Ned4 Ka6 58.Nxb3 Kxb5 59.Nd4+ Kc4 60.e6 
Kxc3 61.e7 Kb2 62.e8=Q b5 63.Qxb5+ Kc1 64.Kd3 Kd1 65.Qb1# 1-0

[Event "40th Pan-American U20"]
[Site "El Salvador ESA"]
[Date "2015.07.16"]
[Round "1.7"]
[White "Mendez, Alan Steven"]
[Black "Lopez Gonzalez, Abel Fabian"]
[Result "0-1"]
[WhiteElo "1744"]
[BlackElo "2251"]
[EventDate "2015.07.16"]
[PlyCount "52"]

1.e4 c5 2.Nf3 d6 3.d4 cxd4 4.Nxd4 Nf6 5.Nc3 a6 6.Be3 e6 7.f3 b5 8.Qd2 Nbd7
9.a3 Bb7 10.O-O-O Rc8 11.g4 Nb6 12.h4 Nfd7 13.Kb1 Ne5 14.Qe1 Nbc4 15.Bxc4 
Nxc4 16.Bc1 Qc7 17.Nce2 Qc5 18.Qb4 Qxb4 19.axb4 d5 20.exd5 Bxd5 21.Nf4 Bb7
22.Nd3 Be7 23.Rh3 O-O 24.b3 Nb6 25.Nc5 Nd5 26.Nd3 Nc3+ 0-1

[Event "40th Pan-American U20"]
[Site "El Salvador ESA"]
[Date "2015.07.16"]
[Round "1.8"]
[White "Arias, Daniel"]
[Black "Pinto, Alejandro"]
[Result "1-0"]
[WhiteElo "2242"]
[BlackElo "1728"]
[EventDate "2015.07.16"]
[PlyCount "101"]

1.e4 c5 2.Nf3 Nc6 3.d4 cxd4 4.Nxd4 Nf6 5.Nc3 e5 6.Ndb5 d6 7.Bg5 a6 8.Na3 
b5 9.Nd5 Be7 10.Bxf6 Bxf6 11.c4 b4 12.Nc2 Rb8 13.b3 Bg5 14.g3 O-O 15.h4 
Bh6 16.Bg2 a5 17.O-O f5 18.exf5 Bxf5 19.Nde3 Ne7 20.Nxf5 Nxf5 21.Qd3 Qf6 
22.Rad1 Kh8 23.Be4 Rbd8 24.Bxf5 Qxf5 25.Qxf5 Rxf5 26.Rd5 g5 27.hxg5 Bxg5 
28.Rxa5 Rdf8 29.Rd5 R5f6 30.Nxb4 Be3 31.Kg2 Rxf2+ 32.Rxf2 Rxf2+ 33.Kh3 Bc5
34.Nd3 Rxa2 35.Nxc5 dxc5 36.Rxe5 Rb2 37.Rxc5 Rxb3 38.Rc7 Rb1 39.Kg4 Rg1 
40.c5 h5+ 41.Kh4 Rh1+ 42.Kg5 Rg1 43.Kh6 Kg8 44.Rg7+ Kf8 45.c6 h4 46.c7 Rc1
47.Kh7 hxg3 48.c8=Q+ Rxc8 49.Rg8+ Kf7 50.Rxc8 Kf6 51.Rg8 1-0

[Event "40th Pan-American U20"]
[Site "El Salvador ESA"]
[Date "2015.07.16"]
[Round "1.9"]
[White "Valencia, Oscar"]
[Black "Husbands, Orlando"]
[Result "1-0"]
[WhiteElo "1728"]
[BlackElo "2234"]
[EventDate "2015.07.16"]
[PlyCount "83"]

1.d4 d5 2.Nf3 Nf6 3.c4 c6 4.Nc3 a6 5.Bf4 dxc4 6.a4 Nd5 7.Bg3 Qa5 8.e4 Nxc3
9.Qd2 e6 10.bxc3 b5 11.Ne5 Be7 12.Be2 O-O 13.O-O Qd8 14.Rfd1 Bb7 15.Qb2 
Qc8 16.Rdb1 Ra7 17.Bxc4 Nd7 18.Nxd7 Qxd7 19.axb5 c5 20.Rd1 cxd4 21.Rxd4 
Qc8 22.bxa6 Ba8 23.Be2 Bc5 24.Rc4 Qc6 25.Ra5 Qb6 26.Rb5 Qxa6 27.Rcxc5 Bxe4
28.h3 h6 29.Rb4 Bd3 30.Bxd3 Qxd3 31.Rd4 Qg6 32.Qb6 Ra1+ 33.Kh2 Kh7 34.Qb7 
Rc1 35.Qe4 f5 36.Qe3 Rc2 37.Rc6 Rf6 38.Be5 Rf7 39.Rdd6 f4 40.Bxf4 Qf5 41.
Bg3 Rf6 42.Qd3 1-0

[Event "40th Pan-American U20"]
[Site "El Salvador ESA"]
[Date "2015.07.16"]
[Round "1.10"]
[White "Giron, Jorge Ernesto"]
[Black "Munoz, Randall"]
[Result "1-0"]
[WhiteElo "2223"]
[BlackElo "1706"]
[EventDate "2015.07.16"]
[PlyCount "57"]

1.e4 c5 2.Nf3 d6 3.d4 cxd4 4.Nxd4 Nf6 5.Nc3 a6 6.Be3 e5 7.Nb3 Be6 8.f3 
Nbd7 9.Qd2 b5 10.O-O-O Rc8 11.g4 b4 12.Nd5 Bxd5 13.exd5 a5 14.Bb5 g6 15.h4
Qc7 16.Kb1 h5 17.g5 Ng8 18.f4 Bg7 19.fxe5 Bxe5 20.Bd4 f6 21.Rhe1 Kd8 22.
Bxd7 Kxd7 23.gxf6 a4 24.Nc5+ dxc5 25.Bxe5 Qd8 26.Qg5 Nh6 27.Qxg6 Qe8 28.
Qg5 Nf7 29.Qf5+ 1-0

[Event "40th Pan-American U20"]
[Site "El Salvador ESA"]
[Date "2015.07.16"]
[Round "1.11"]
[White "Santos, Oliver"]
[Black "Johnson, Joshua"]
[Result "0-1"]
[WhiteElo "1690"]
[BlackElo "2211"]
[EventDate "2015.07.16"]
[PlyCount "100"]

1.e4 e5 2.Nf3 Nc6 3.Bc4 Bc5 4.d3 Nf6 5.Nc3 d6 6.Be3 Bb6 7.h3 Be6 8.Bb5 Bd7
9.Qd2 Ba5 10.a3 Ne7 11.Bxd7+ Nxd7 12.b4 Bb6 13.g4 c6 14.d4 Ng6 15.Rd1 Qf6 
16.Ke2 exd4 17.Nxd4 Bxd4 18.Bxd4 Nde5 19.Qe3 h5 20.Rhg1 hxg4 21.hxg4 Rh3 
22.Rg3 Rh2 23.Rdg1 Qe6 24.Nd1 Qc4+ 25.Kd2 a5 26.Nb2 axb4 27.axb4 Qxb4+ 28.
Bc3 Qxb2 29.Bxb2 Nc4+ 30.Ke1 Nxe3 31.Rxe3 Ra2 32.Rb3 Ne5 33.Ke2 Ra4 34.
Rxb7 Rxe4+ 35.Kd1 Nf3 36.Rf1 Rxf2 37.Rh1 Nh2 38.Bxg7 Rxg4 39.Re1+ Kd8 40.
Bf6+ Rxf6 41.Ree7 Rg1+ 42.Kd2 Nf3+ 43.Kc3 Ne5 44.Ra7 Ra1 45.Rab7 Ra3+ 46.
Kb4 Ra1 47.Kc3 c5 48.Kb2 Ra6 49.Kc3 Ra3+ 50.Kb2 Nc4+ 0-1

[Event "40th Pan-American U20"]
[Site "El Salvador ESA"]
[Date "2015.07.16"]
[Round "1.12"]
[White "Jimenez Garcia, Emmanuel"]
[Black "Ruballo, Jose"]
[Result "1-0"]
[WhiteElo "2210"]
[BlackElo "1662"]
[EventDate "2015.07.16"]
[PlyCount "71"]

1.d4 Nf6 2.c4 e6 3.Nf3 Bb4+ 4.Nbd2 b6 5.a3 Bxd2+ 6.Qxd2 Bb7 7.e3 d6 8.b4 
Nbd7 9.Bb2 O-O 10.Be2 Ne4 11.Qc2 f5 12.O-O Rf6 13.d5 Rg6 14.Rad1 e5 15.Bd3
c6 16.Ne1 Qg5 17.f4 exf4 18.exf4 Qe7 19.Bxe4 Qxe4 20.Qxe4 fxe4 21.f5 Rh6 
22.Bc1 Rf6 23.Bg5 Rf7 24.dxc6 Bxc6 25.Rxd6 Ba4 26.Re6 Raf8 27.g4 Nf6 28.
Bxf6 Rxf6 29.Rxe4 g6 30.Re7 Bb3 31.c5 bxc5 32.bxc5 a6 33.Nf3 gxf5 34.Nd4 
Bc4 35.Rxf5 Rxf5 36.gxf5 1-0

[Event "40th Pan-American U20"]
[Site "El Salvador ESA"]
[Date "2015.07.16"]
[Round "1.13"]
[White "Rodriguez, Wilfredo"]
[Black "Singh, Vishnu"]
[Result "0-1"]
[WhiteElo "1631"]
[BlackElo "2200"]
[EventDate "2015.07.16"]
[PlyCount "66"]

1.e4 Nf6 2.e5 Nd5 3.d4 d6 4.c4 Nb6 5.Nf3 g6 6.Be3 Bg7 7.Nc3 dxe5 8.Nxe5 
O-O 9.Qd2 c6 10.O-O-O N8d7 11.Nxd7 Bxd7 12.Bh6 Be6 13.Bxg7 Kxg7 14.d5 cxd5
15.cxd5 Bd7 16.h4 h6 17.Qd4+ Kg8 18.g4 Qc7 19.Kb1 Rac8 20.Bd3 Nc4 21.Rhe1 
Qc5 22.Bxc4 Qxc4 23.Rxe7 Bxg4 24.Qxc4 Rxc4 25.Rde1 Bf5+ 26.Kc1 b5 27.Kd2 
b4 28.Ne4 Rd4+ 29.Ke3 Rxe4+ 30.Rxe4 Bxe4 31.Kd4 f5 32.Rd1 Bxd5 33.Ke5 Bxa2
0-1

[Event "40th Pan-American U20"]
[Site "El Salvador ESA"]
[Date "2015.07.16"]
[Round "1.14"]
[White "Ampie, Mauro"]
[Black "Castillo, Ernesto"]
[Result "1-0"]
[WhiteElo "2193"]
[BlackElo "1616"]
[EventDate "2015.07.16"]
[PlyCount "47"]

1.e4 d6 2.d4 e5 3.Nf3 Bg4 4.dxe5 Bxf3 5.Qxf3 dxe5 6.Bc4 Qf6 7.Qb3 Bc5 8.
Be3 Bb6 9.Nc3 Ne7 10.O-O-O Nbc6 11.Nd5 Nxd5 12.exd5 Bxe3+ 13.fxe3 Nd8 14.
d6 Kd7 15.Rhf1 Qg6 16.Bxf7 Qxg2 17.Be6+ Ke8 18.dxc7 Rf8 19.Bd7+ Ke7 20.
cxd8=Q+ Kxd8 21.Rxf8+ Kc7 22.Rxa8 b6 23.Rc8+ Kb7 24.Bc6+ 1-0

[Event "40th Pan-American U20"]
[Site "El Salvador ESA"]
[Date "2015.07.16"]
[Round "1.15"]
[White "Lemus, Hector"]
[Black "Squella Lavin, Carlos Felipe"]
[Result "0-1"]
[WhiteElo "1616"]
[BlackElo "2183"]
[EventDate "2015.07.16"]
[PlyCount "54"]

1.e4 e6 2.d4 d5 3.e5 c5 4.c3 Qb6 5.f4 Nc6 6.Nf3 Nh6 7.Bd3 Bd7 8.O-O cxd4 
9.cxd4 Nxd4 10.Kh1 Nxf3 11.Qxf3 g6 12.Nc3 Be7 13.Rb1 Nf5 14.Bxf5 gxf5 15.
Rd1 Bc6 16.Qd3 Rg8 17.Ne2 Bb5 18.Qf3 Bc5 19.Ng3 O-O-O 20.Nh5 d4 21.Ng3 Bc6
22.Qf1 h5 23.Rd2 h4 24.Nh5 Rxg2 25.Rxg2 h3 26.Qd3 hxg2+ 27.Kg1 Be4 0-1

[Event "40th Pan-American U20"]
[Site "El Salvador ESA"]
[Date "2015.07.16"]
[Round "1.16"]
[White "Carrera Gonzalez, Enmanuel"]
[Black "Garcia, Daniel Alejandro"]
[Result "1-0"]
[WhiteElo "2171"]
[BlackElo "1375"]
[EventDate "2015.07.16"]
[PlyCount "37"]

1.d4 d5 2.Nf3 e6 3.e3 c5 4.Bd3 Nf6 5.b3 Nc6 6.Bb2 Be7 7.O-O b6 8.Ne5 Bb7 
9.Nd2 O-O 10.f4 Rc8 11.a3 a6 12.Rf3 b5 13.Rh3 g6 14.dxc5 Bxc5 15.Nd7 Nxd7 
16.Qh5 Bxe3+ 17.Kh1 Nf6 18.Bxf6 Qxf6 19.Qxh7# 1-0

[Event "40th Pan-American U20"]
[Site "El Salvador ESA"]
[Date "2015.07.17"]
[Round "2.1"]
[White "Escalante Ramirez, Brian Sebas"]
[Black "Ampie, Mauro"]
[Result "1-0"]
[WhiteElo "2389"]
[BlackElo "2193"]
[EventDate "2015.07.16"]
[PlyCount "57"]

1.e4 c5 2.Nf3 e6 3.Nc3 Nc6 4.d4 cxd4 5.Nxd4 Qc7 6.Ndb5 Qb8 7.Be3 a6 8.Bb6 
axb5 9.Nxb5 Bb4+ 10.c3 Ba5 11.Nc7+ Qxc7 12.Bxc7 Bxc7 13.Qg4 Kf8 14.Bb5 Nf6
15.Qe2 d5 16.exd5 exd5 17.O-O g6 18.f3 Bb6+ 19.Kh1 h5 20.h4 Kg7 21.Rfe1 
Bf5 22.a4 Rhd8 23.b4 d4 24.a5 Bc7 25.a6 dxc3 26.axb7 Rxa1 27.Rxa1 Nd4 28.
Qe7 Nxb5 29.Qxd8 1-0

[Event "40th Pan-American U20"]
[Site "El Salvador ESA"]
[Date "2015.07.17"]
[Round "2.2"]
[White "Cori Quispe, Kevin"]
[Black "Carrera Gonzalez, Enmanuel"]
[Result "1-0"]
[WhiteElo "2369"]
[BlackElo "2171"]
[EventDate "2015.07.16"]
[PlyCount "93"]

1.e4 e5 2.Nf3 Nc6 3.Bc4 Nf6 4.d3 Be7 5.c3 O-O 6.O-O d6 7.Bb3 Bg4 8.h3 Bh5 
9.Nbd2 Kh8 10.Re1 Qd7 11.Nf1 Na5 12.Bc2 c5 13.Ng3 Bg6 14.d4 cxd4 15.cxd4 
Nc6 16.d5 Nb4 17.Bb1 Bd8 18.a3 Na6 19.Bg5 Nh5 20.Bxd8 Qxd8 21.Nxh5 Bxh5 
22.g4 Bg6 23.b4 Rc8 24.Qd2 Qb6 25.Bd3 f6 26.Rac1 Kg8 27.Qe2 Nb8 28.Nd2 Qd8
29.Qe3 b6 30.Bb5 a6 31.Bd3 b5 32.Nb3 Rf7 33.Kg2 Rfc7 34.Rxc7 Qxc7 35.Rc1 
Qb7 36.Rxc8+ Qxc8 37.Qb6 Qf8 38.Na5 h5 39.Qc7 hxg4 40.hxg4 Kh7 41.Nb7 Bf7 
42.Nxd6 Bg8 43.Nf5 Kg6 44.Be2 Bf7 45.Ne7+ Kh6 46.Qc1+ Kh7 47.Qh1+ 1-0

[Event "40th Pan-American U20"]
[Site "El Salvador ESA"]
[Date "2015.07.17"]
[Round "2.3"]
[White "Singh, Vishnu"]
[Black "Tang, Andrew"]
[Result "0-1"]
[WhiteElo "2200"]
[BlackElo "2365"]
[EventDate "2015.07.16"]
[PlyCount "76"]

1.d4 d5 2.c4 e6 3.Nc3 Be7 4.cxd5 exd5 5.Bf4 c6 6.e3 Bf5 7.g4 Be6 8.h4 Nd7 
9.g5 h6 10.g6 Ngf6 11.gxf7+ Bxf7 12.Nf3 Nh5 13.Be5 O-O 14.Bd3 Nhf6 15.Rg1 
Bh5 16.Bf4 Kh8 17.Be2 Qa5 18.Ne5 Nxe5 19.dxe5 Bxe2 20.Qxe2 Bb4 21.Rc1 Ne8 
22.Bxh6 gxh6 23.Qh5 Qc7 24.Qxh6+ Qh7 25.Qe6 Ng7 26.Qg4 Bxc3+ 27.bxc3 Rae8 
28.f4 Nf5 29.Kd2 Re6 30.h5 Rh6 31.Qf3 Rxh5 32.Rh1 Rh2+ 33.Rxh2 Qxh2+ 34.
Kd3 c5 35.c4 dxc4+ 36.Kc3 Ng3 37.Rd1 b5 38.Rd7 Ne2+ 0-1

[Event "40th Pan-American U20"]
[Site "El Salvador ESA"]
[Date "2015.07.17"]
[Round "2.4"]
[White "Chavez Estevez, Hayler David"]
[Black "Lopez Raygoza, Luis Albert"]
[Result "1-0"]
[WhiteElo "2347"]
[BlackElo "2138"]
[EventDate "2015.07.16"]
[PlyCount "61"]

1.Nf3 Nf6 2.b3 d5 3.Bb2 e6 4.g3 c5 5.Bg2 Nc6 6.d3 Be7 7.O-O O-O 8.Nbd2 Re8
9.e4 d4 10.e5 Nd5 11.a4 b6 12.Qe2 Bb7 13.h4 a6 14.Rfe1 h6 15.Nf1 Bf8 16.
N1h2 Nce7 17.h5 Nf5 18.Bc1 b5 19.Bd2 Qe7 20.Qf1 Rec8 21.axb5 axb5 22.Rxa8 
Rxa8 23.Ra1 Qd8 24.g4 Rxa1 25.Qxa1 Nfe7 26.Nf1 Nc6 27.Ng3 Qb8 28.Qe1 Ndb4 
29.g5 hxg5 30.Nxg5 Nd5 31.Qe4 1-0

[Event "40th Pan-American U20"]
[Site "El Salvador ESA"]
[Date "2015.07.17"]
[Round "2.5"]
[White "Squella Lavin, Carlos Felipe"]
[Black "Benedetti, Julio"]
[Result "0-1"]
[WhiteElo "2183"]
[BlackElo "2313"]
[EventDate "2015.07.16"]
[PlyCount "82"]

1.d4 Nf6 2.c4 g6 3.Nc3 Bg7 4.g3 O-O 5.Bg2 d6 6.Nf3 c6 7.O-O Qb6 8.h3 Qa6 
9.b3 b5 10.Nd2 Bb7 11.a4 b4 12.Nce4 Nh5 13.e3 c5 14.Bb2 cxd4 15.Bxd4 Nc6 
16.Bxg7 Nxg7 17.g4 Rfd8 18.Qf3 Na5 19.Qf4 Ne6 20.Qh6 d5 21.cxd5 Bxd5 22.f4
Nf8 23.f5 Kh8 24.f6 exf6 25.Nxf6 Qe6 26.Bxd5 Rxd5 27.Nxd5 Qxd5 28.e4 Qd4+ 
29.Kg2 Rd8 30.Rad1 Kg8 31.Qf4 Qg7 32.Qc7 Rd3 33.Nf3 Rxd1 34.Rxd1 Nxb3 35.
e5 Ne6 36.Qb7 Qf8 37.Qe4 a5 38.Rd5 Nbc5 39.Qe3 b3 40.Nd4 Qa8 41.Qf3 Qxd5 
0-1

[Event "40th Pan-American U20"]
[Site "El Salvador ESA"]
[Date "2015.07.17"]
[Round "2.6"]
[White "Lopez Gonzalez, Abel Fabian"]
[Black "Guzman, Oswaldo"]
[Result "1-0"]
[WhiteElo "2251"]
[BlackElo "2066"]
[EventDate "2015.07.16"]
[PlyCount "69"]

1.e4 c5 2.Nf3 d6 3.d4 cxd4 4.Nxd4 Nf6 5.Nc3 a6 6.Be3 e6 7.f3 b5 8.Qd2 Nbd7
9.O-O-O Bb7 10.g4 Nb6 11.g5 Nfd7 12.Qg2 Rc8 13.g6 Rxc3 14.gxf7+ Kxf7 15.
Qg4 Nc5 16.bxc3 Nba4 17.Nxb5 axb5 18.Bxb5 Nxc3 19.Qh5+ g6 20.Qxc5 dxc5 21.
Rxd8 Nxb5 22.Rd7+ Kf6 23.Rxb7 Nd6 24.Rd7 Nc4 25.Bd2 Bd6 26.Rxd6 Nxd6 27.
e5+ Kf5 28.exd6 Rd8 29.Rg1 e5 30.Rg5+ Kf6 31.f4 e4 32.Bc3+ Ke6 33.Rxc5 
Kxd6 34.Re5 Ra8 35.a3 1-0

[Event "40th Pan-American U20"]
[Site "El Salvador ESA"]
[Date "2015.07.17"]
[Round "2.7"]
[White "Solano Cuya, Bryan"]
[Black "Arias, Daniel"]
[Result "0-1"]
[WhiteElo "2149"]
[BlackElo "2242"]
[EventDate "2015.07.16"]
[PlyCount "86"]

1.d4 Nf6 2.c4 g6 3.Nc3 Bg7 4.e4 d6 5.Nf3 O-O 6.Be2 e5 7.O-O Nc6 8.d5 Ne7 
9.b4 Nh5 10.g3 a5 11.bxa5 Rxa5 12.a4 b6 13.Ba3 f5 14.Nd2 f4 15.Bb4 Ra8 16.
Bg4 Nf6 17.Bxc8 Qxc8 18.Kg2 g5 19.f3 g4 20.Ne2 Ng6 21.Bc3 gxf3+ 22.Rxf3 
Ng4 23.Qg1 fxg3 24.hxg3 Bh6 25.Qh1 Qd7 26.Ng1 Rxa4 27.Rxa4 Qxa4 28.Qh5 Qd7
29.Nf1 Qc8 30.Rf5 Ne3+ 31.Nxe3 Bxe3 32.Nf3 Qd8 33.Kf1 Kg7 34.Ke2 Bh6 35.
Kd1 Qa8 36.g4 Qa4+ 37.Ke1 Qxc4 38.Rxf8 Qxc3+ 39.Kf2 Be3+ 40.Kg3 Nxf8 41.g5
Qc2 42.Qh6+ Kg8 43.Nh4 Qxe4 0-1

[Event "40th Pan-American U20"]
[Site "El Salvador ESA"]
[Date "2015.07.17"]
[Round "2.8"]
[White "Puppi Lazo, Jorge Luis"]
[Black "Giron, Jorge Ernesto"]
[Result "1-0"]
[WhiteElo "2111"]
[BlackElo "2223"]
[EventDate "2015.07.16"]
[PlyCount "115"]

1.e4 c5 2.Nf3 d6 3.d4 cxd4 4.Nxd4 Nf6 5.Nc3 a6 6.Bc4 e6 7.Bb3 b5 8.O-O Be7
9.Qf3 Qc7 10.Qg3 O-O 11.Bh6 Ne8 12.Rad1 Kh8 13.Be3 Nf6 14.a3 Nc6 15.f3 Na5
16.Rfe1 Nxb3 17.Nxb3 Bb7 18.Qf2 Nd7 19.Bd4 Bf6 20.Bxf6 Nxf6 21.e5 dxe5 22.
Qc5 Rac8 23.Qxe5 Nd5 24.Qxc7 Rxc7 25.Nxd5 Bxd5 26.Nd4 Rb8 27.c3 a5 28.Rd2 
g6 29.Nc2 Kg7 30.Kf2 h5 31.Ree2 Kf6 32.Rd4 Bb3 33.Ne3 b4 34.axb4 axb4 35.
cxb4 Rcb7 36.Nc2 Bxc2 37.Rxc2 Rxb4 38.Rxb4 Rxb4 39.Ke3 Ke5 40.Kd3 Kd5 41.
Kc3 Rc4+ 42.Kd3 Rxc2 43.Kxc2 Kc4 44.h4 e5 45.b3+ Kd4 46.Kd2 f6 47.Kc2 g5 
48.hxg5 fxg5 49.Kd2 h4 50.b4 e4 51.Ke2 Ke5 52.b5 Kf4 53.b6 exf3+ 54.gxf3 
Kg3 55.Kf1 h3 56.b7 Kxf3 57.b8=Q g4 58.Qh2 1-0

[Event "40th Pan-American U20"]
[Site "El Salvador ESA"]
[Date "2015.07.17"]
[Round "2.9"]
[White "Johnson, Joshua"]
[Black "Hernandez, Diego"]
[Result "1-0"]
[WhiteElo "2211"]
[BlackElo "1950"]
[EventDate "2015.07.16"]
[PlyCount "81"]

1.e4 c5 2.Nf3 d6 3.d4 cxd4 4.Nxd4 Nf6 5.Nc3 Nc6 6.Bg5 e6 7.Qd2 h6 8.Bh4 
Nxe4 9.Bxd8 Nxd2 10.Kxd2 Nxd4 11.Bh4 a6 12.f4 Bd7 13.Bf2 Nf5 14.Bd3 Ne7 
15.Rhe1 O-O-O 16.Bb6 Re8 17.b4 g5 18.Bd4 Rg8 19.Bh7 gxf4 20.Bxg8 Nxg8 21.
a4 Bc6 22.g3 e5 23.Bf2 fxg3 24.hxg3 Nf6 25.b5 Bf3 26.bxa6 bxa6 27.Rab1 d5 
28.Rb6 Ng4 29.Bg1 a5 30.Nb5 Rd8 31.Rf1 e4 32.Nd4 Ne5 33.Ra6 Nc4+ 34.Ke1 
Bb4+ 35.Kf2 Bc5 36.Rc6+ Kb7 37.Rxc5 Bg4 38.Rb1+ Ka8 39.Ke1 h5 40.Rc7 Nd6 
41.Nc6 1-0

[Event "40th Pan-American U20"]
[Site "El Salvador ESA"]
[Date "2015.07.17"]
[Round "2.10"]
[White "Ulloa, Ruben Guillermo"]
[Black "Jimenez Garcia, Emmanuel"]
[Result "0-1"]
[WhiteElo "2016"]
[BlackElo "2210"]
[EventDate "2015.07.16"]
[PlyCount "92"]

1.d4 Nf6 2.c4 g6 3.g3 Bg7 4.Bg2 O-O 5.Nc3 d6 6.Nf3 Na6 7.O-O c5 8.d5 Nc7 
9.e4 Rb8 10.a4 e5 11.Ne1 a6 12.a5 b5 13.axb6 Rxb6 14.Nd3 Nd7 15.Be3 Rb8 
16.Na4 a5 17.Nc3 Na6 18.Nb5 Nb6 19.Qb3 Bd7 20.Nxd6 Nxd5 21.Qa3 Nxe3 22.
fxe3 Be6 23.Nxc5 Qxd6 24.Nxa6 Qxa6 25.b4 Bxc4 26.Rfb1 Bh6 27.bxa5 Bd3 28.
Re1 Rfd8 29.Qe7 Bf8 30.Qg5 h6 31.Qg4 Bb4 32.Red1 Bc3 33.Ra3 Be2 34.Rxd8+ 
Rxd8 35.Bf3 Rd1+ 36.Kg2 Bxf3+ 37.Qxf3 Rd2+ 38.Kh3 Bxa5 39.g4 Qb6 40.Qf1 
Rxh2+ 41.Kg3 Rd2 42.Qa1 Qf6 43.Qg1 Bd8 44.Ra8 Qh4+ 45.Kf3 h5 46.gxh5 Qxh5+
0-1

[Event "40th Pan-American U20"]
[Site "El Salvador ESA"]
[Date "2015.07.17"]
[Round "2.11"]
[White "Santiago Vilca, Christian"]
[Black "Valencia, Oscar"]
[Result "1-0"]
[WhiteElo "1922"]
[BlackElo "1728"]
[EventDate "2015.07.16"]
[PlyCount "70"]

1.d4 Nf6 2.c4 g6 3.Nc3 Bg7 4.e4 d6 5.Nf3 O-O 6.Be2 Nc6 7.d5 Nb8 8.O-O c6 
9.h3 Nbd7 10.Be3 a5 11.Qd2 a4 12.Nd4 Nc5 13.dxc6 Nfxe4 14.Nxe4 Nxe4 15.Qc2
Nc5 16.Bf3 e5 17.cxb7 Bxb7 18.Bxb7 Nxb7 19.Nb5 d5 20.cxd5 Qxd5 21.Nc7 Rfc8
22.Qxa4 Qxg2+ 23.Kxg2 Rxa4 24.Nd5 Rc2 25.Rfc1 Rac4 26.Rxc2 Rxc2 27.a4 Nc5 
28.b4 e4 29.Ra3 Nd3 30.a5 Rb2 31.a6 Be5 32.a7 Ne1+ 33.Kf1 Nf3 34.a8=Q+ Kg7
35.Nc3 Re2 1-0

[Event "40th Pan-American U20"]
[Site "El Salvador ESA"]
[Date "2015.07.17"]
[Round "2.14"]
[White "Castillo, Ernesto"]
[Black "Hernandez, Mauricio Daniel"]
[Result "0-1"]
[WhiteElo "1616"]
[BlackElo "1926"]
[EventDate "2015.07.16"]
[PlyCount "84"]

1.e4 e5 2.Nf3 Nc6 3.Bc4 Bc5 4.c3 Nf6 5.O-O d6 6.b4 Bb6 7.Qb3 O-O 8.Bxf7+ 
Rxf7 9.Ng5 Qe7 10.d3 Be6 11.Nxe6 h6 12.h3 Re8 13.Kh1 Qxe6 14.Qxe6 Rxe6 15.
f4 Nh5 16.f5 Ng3+ 17.Kh2 Nxf1+ 18.Kh1 Re8 19.g4 Ng3+ 20.Kg2 Ne2 21.Bd2 
Nxb4 22.cxb4 Bd4 23.Kf3 Ng1+ 24.Kg2 Bxa1 25.Kxg1 Bd4+ 26.Kg2 b5 27.Na3 a6 
28.Nc2 c5 29.Nxd4 cxd4 30.a3 Rc7 31.Kf3 Rc2 32.Be1 Rec8 33.Bh4 R8c3 34.g5 
h5 35.Bf2 Rxd3+ 36.Kg2 Rdd2 37.Kg3 Rxf2 38.Kh4 d3 39.Kxh5 d2 40.f6 d1=Q+ 
41.Kg6 Rxf6+ 42.gxf6 Qf3 0-1

[Event "40th Pan-American U20"]
[Site "El Salvador ESA"]
[Date "2015.07.17"]
[Round "2.15"]
[White "Garcia, Daniel Alejandro"]
[Black "Ortiz Perez, Carlos"]
[Result "0-1"]
[WhiteElo "1375"]
[BlackElo "1901"]
[EventDate "2015.07.16"]
[PlyCount "52"]

1.d4 Nf6 2.Nf3 e6 3.c4 b6 4.Nc3 Bb4 5.Qc2 Bb7 6.e3 Ne4 7.a3 Bxc3+ 8.bxc3 
O-O 9.Be2 d6 10.O-O Nd7 11.Nd2 f5 12.f3 Ng5 13.Bb2 Qf6 14.e4 f4 15.c5 bxc5
16.dxc5 Nxc5 17.c4 e5 18.Nb3 Nge6 19.Nd2 Bc6 20.Nb1 Ba4 21.Qc3 Nd4 22.Bd3 
Rab8 23.Nd2 Nxd3 24.Qxd3 Rxb2 25.c5 Bb5 26.Nc4 Rb3 0-1